000 00707nam a2200289Ia 4500
005 20260324112059.0
008 008 260324s9999 xx 000 0 eng d
020 _a9781003391043
037 _aEBOOK
040 _aCRL
040 _beng
040 _cCRL
041 _2eng
041 _aeng
084 _qCRL
100 _aRobert Jan Pijpers
_91141220
245 0 _aMining and Development in Sierra Leone
245 0 _bNegotiating Change and Navigating Uncertainty
260 _bTaylor and Francis
260 _c2024
365 _a
365 _b220
856 _uhttp://www.taylorfrancis.com/books/9781003391043
942 _cEBOOK
999 _c1730278
_d1730278